sci fi movies 1960-2027 - Statistics

General Stats
  • This quiz has been taken 56 times
  • The average score is 76 of 250
Answer Stats
Hint Answer % Correct
21.(1982) E.T
79%
12.(1977) Star Wars
79%
4.(1968) 2001 a Space Odyssey
71%
14.(1979) Alien
71%
49.(1992) Alien 3
71%
31.(1986) Aliens
71%
30.(1985) Back To The Future
71%
50.(1993) Jurassic Park
71%
34.(1987) Predator
71%
44.(1990) Predator 2
71%
25.(1983) Return Of The Jedi
71%
48.(1991) Terminator 2
71%
118.(2012) The Avengers
71%
17.(1980) The Empire Strikes Back
71%
181.(2018) The Predator
71%
29.(1984) The Terminator
71%
176.(2018) Avengers Infinity War
64%
20.(1982) Blade Runner
64%
98.(2008) Iron Man
64%
167.(2017) Logan
64%
104.(2009) | 16.(1979) Star Trek
64%
64.(2000) X-Men
64%
53.(1997) Alien Resurrection
57%
146.(2015) Avengers Age Of Ultron
57%
190.(2019) Avengers Endgame
57%
139.(2014) Guardians Of The Galaxy
57%
5.(1968) Planet Of The Apes
57%
122.(2012) Prometheus
57%
113.(2011) Rise Of The Planet Of The Apes
57%
72.(2002) Spider-Man
57%
117.(2012) The Amazing Spider-Man
57%
62.(1999) The Matrix
57%
162.(2017) Alien Covenant
50%
102.(2009) Avatar
50%
12.(1977) Close Encounters Of The Third Kind
50%
138.(2014) | 59.(1998) Godzilla
50%
66.(1996) Independence Day
50%
141.(2014) Interstellar
50%
83.(2004) I Robot
50%
108.(2010) Iron Man 2
50%
127.(2013) Iron Man 3
50%
149.(2015) Jurassic World
50%
55.(1997) Men In Black
50%
71.(2002) Minority Report
50%
84.(2004) Spider-Man 2
50%
94.(2007) Spider-Man 3
50%
22.(1982) Star Trek 2
50%
28.(1984) Star Trek 3
50%
33.(1986) Star Trek 4
50%
42.(1989) Star Trek 5
50%
47.(1991) Star Trek 6
50%
54.(1997) The Lost World Jurassic Park
50%
151.(2015) The Martian
50%
75.(2003) The Matrix Reloaded
50%
114.(2011) Thor
50%
87.(2005) War Of The Worlds
50%
78.(2003) X2
50%
116.(2011) X-Men First Class
50%
90.(2006) X-Men The Last Stand
50%
214.(2024) Alien Romulus
43%
79.(2004) Alien vs Predator
43%
145.(2015) Ant-Man
43%
175.(2018) Ant-Man & The Wasp
43%
111.(2011) Captain America The First Avenger
43%
157.(2016) Deadpool
43%
124.(2013) Gravity
43%
164.(2017) Guardians Of The Galaxy Vol 2
43%
68.(2001) Jurassic Park 3
43%
179.(2018) Jurassic World Fallen Kingdom
43%
109.(2010) Predators
43%
185.(2018) Ready Player One
43%
142.(2014) | 35.(1987) Robocop
43%
13.(1978) | 234.(2025) Superman
43%
23.(1982) The Thing
43%
171.(2017) Thor Ragnarok
43%
133.(2013) Thor The Dark World
43%
24.(1982) Tron
43%
161.(2016) X-Men Apocalypse
43%
177.(2018) Black Panther
36%
136.(2014) Dawn Of The Planet Of The Apes
36%
184.(2018) Deadpool 2
36%
197.(2021) Dune
36%
210.(2023) Guardians Of The Galaxy Vol 3
36%
74.(2003) Hulk
36%
205.(2022) Jurassic World Dominion
36%
165.(2017) Kong Skull Island
36%
11.(1976) Logans Run
36%
15.(1979) Mad Max
36%
150.(2015) Mad Max Fury Road
36%
70.(2002) Men In Black 2
36%
121.(2012) Men In Black 3
36%
160.(2016) Star Trek Beyond
36%
132.(2013) Star Trek Into Darkness
36%
73. (2002) Star Wars Attack Of The Clones
36%
86.(2005) Star Wars Revenge Of The Sith
36%
152.(2015) Star Wars The Force Awakens
36%
63.(1999) Star Wars The Phantom Menace
36%
97.(2008) The Incredible Hulk
36%
76.(2003) The Matrix Revolutions
36%
236.(2025) The Running Man
36%
95.(2007) Transformers
36%
110.(2010) Tron Legacy
36%
99.(2008) WALL-E
36%
144.(2014) X-Men Days Of Future Past
36%
202.(2022) Avatar The Way Of Water
29%
41.(1989) Back To The Future Part 2
29%
43.(1990) Back To The Future Part 3
29%
163.(2017) Blade Runner 2049
29%
178.(2018) Bumblebee
29%
156.(2016) Captain America Civil War
29%
137.(2014) Edge Of Tomorrow
29%
191.(2019) Godzilla King Of The Monsters
29%
198.(2021) Godzilla Vs Kong
29%
93.(2007) I Am Legend
29%
107.(2010) Inception
29%
228.(2025) Jurassic World Rebirth
29%
19.(1981) Mad Max 2
29%
128.(2013) Man Of Steel
29%
130.(2013) Pacific Rim
29%
180.(2018) Pacific Rim Uprising
29%
45.(1990) Robocop 2
29%
169.(2017) Spider-Man Homecoming
29%
199.(2021) Spider-Man No Way Home
29%
170.(2017) Star Wars The Last Jedi
29%
193.(2019) Star Wars The Rise Of Skywalker
29%
194.(2019) Terminator Dark Fate
29%
105.(2009) Terminator Salvation
29%
134.(2014) The Amazing Spider-Man 2
29%
80.(2004) The Day After Tomorrow
29%
120.(2012) The Hunger Games
29%
61.(1999) The Iron Giant
29%
1.(1960) The Time Machine
29%
46.(1990 Total Recall
29%
143.(2014) Transformers Age Of Extinction
29%
115 (2011) Transformers Dark Of The Moon
29%
106.(2009) Transformers Revenge Of The Fallen
29%
172.(2017) Transformers The Last Knight
29%
235.(2025) Tron Ares
29%
173.(2017) War For The Planet Of The Apes
29%
52.(1995) 12 Monkeys
21%
100.(2009) 2012
21%
6.(1971) A Clockwork Orange
21%
231.(2025) Avatar Fire & Ash
21%
238.(2026) Avengers Doomsday
21%
155.(2016) Batman v Superman Dawn Of Justice
21%
135.(2014) Captain America The Winter Soldier
21%
215(2024] Deadpool & Wolverine
21%
103.(2009) District 9
21%
123.(2013) Enders Game
21%
27.(1984) Ghostbusters
21%
206.(2022) Prey
21%
158.(2016) Rogue One a Star Wars Story
21%
186.(2018) Solo a Star Wars Story
21%
192.(2019) Spider-Man Far From Home
21%
56.(1997) Starship Troopers
21%
18.(1980) Superman 2
21%
26.(1983) Superman 3
21%
37.(1987) Superman 4
21%
196.(2020) Tenet
21%
77.(2003) Terminator 3 Rise Of The Machines
21%
153.(2015) Terminator Genisys
21%
38.(1988) The Blob
21%
32.(1986) The Fly
21%
126.(2013) The Hunger Games Catching Fire
21%
140.(2014) The Hunger Games Mockingjay Part 1
21%
148.(2015) The Hunger Games Mockingjay Part 2
21%
188.(2018) Venom
21%
69.(2002) 28 Days Later
14%
92.(2007) 28 Weeks Later
14%
101.(2009) 9
14%
91.(2007) Aliens Vs Predator Requiem
14%
174.(2018) Annihilation
14%
207.(2023) Ant-Man & The Wasp Quantumania
14%
57.(1998) Armageddon
14%
154.(2016) Arrival
14%
244.(2027) Avengers Secret Wars
14%
203.(2022) Black Panther Wakanda Forever
14%
88.(2006) Children Of Men
14%
58.(1998) Deep Impact
14%
119.(2012) Dredd
14%
216.(2024) Dune Part Two
14%
81.(2004) Eternal Sunshine Of The Spotless Mind
14%
147.(2015) Ex Machina
14%
227.(2025) Frankenstein
14%
218.(2024) Godzilla x Kong The New Empire
14%
166.(2017) Life
14%
129.(2013) Oblivion
14%
232.(2025) Predator Badlands
14%
230.(2025) Predator Killer Of Killers
14%
112.(2011) Real Steel
14%
8.(1972) Solaris
14%
36.(1987) Spaceballs
14%
187.(2018) Spider-Man Into The Spider-Verse
14%
89.(2006) Superman Returns
14%
226.(2025) The Fantastic Four First Steps
14%
200.(2021) The Suicide Squad
14%
39.(1988) They Live
14%
213.(2023) Transformers Rise Of The Beasts
14%
201.(2021) Venom Let There Be Carnage
14%
223.(2024) Venom The Last Dance
14%
225.(2025) 28 Years Later
7%
189.(2019) Alita Battle Angel
7%
182.(2018) A Quiet Place
7%
219.(2024) A Quiet Place Day One
7%
195.(2020) A Quiet Place Part 2
7%
9.(1973) Fantastic Planet
7%
245.(2027) Godzilla x Kong Supernova
7%
125.(2013) Her
7%
67.(2001) Jason X
7%
220.(2024) Kingdom Of The Planet Of The Apes
7%
2.(1961) Mothra
7%
3.(1964) Mothra vs Godzilla
7%
183.(2018) Rampage
7%
131.(2013) Snowpiercer
7%
212.(2023) Spider-Man Across The Spider-Verse
7%
243.(2026) Supergirl
7%
208.(2023) The Creator
7%
222.(2024) Transformers One
7%
237.(2026) 28 Years Later The Bone Temple
0%
65.(2001 Ai Artifical Intelligence
0%
242.(2026) Clayface
0%
96.(2008) Cloverfield
0%
66.(2001) Donnie Darko
0%
239.(2026) Dune Messiah
0%
204.(2022) Everything Everywhere All At Once
0%
217.(2024) Furiosa a Mad Max Saga
0%
60.(1999) Galaxy Quest
0%
82.(2004) Godzilla Final Wars
0%
209.(2023] Godzilla Minus One
0%
7.(1971) Godzilla vs Hedorah
0%
10.(1974) Godzilla vs Mechagodzilla
0%
51.(1994) Godzilla vs Spacegodzilla
0%
229.(2025) Mickey 17
0%
168.(2017) Power Rangers
0%
233.(2025) Primitive War
0%
85.(2005) Serenity
0%
159.(2016) Shin Godzilla
0%
221.(2024) Sonic The Hedgehog 3
0%
246.(2027) Sonic The Hedgehog 4
0%
247.(2027) Star Wars Starfighter
0%
248.(2027) Superman Man Of Tomorrow
0%
40.(1989) The Abyss
0%
240.(2026) The Hunger Games Sunrise On The Reaping
0%
211.(2023) The Hunger Games The Ballad Of Songbird & Snakes
0%
241.(2026) The Mandalorian & Grogu
0%
224.(2024) The Wild Robot
0%
No matching quizzes found
Score Distribution
Percent of People with Each Score
Percentile by Number Answered
Your Score History
You have not taken this quiz